• 首页
  • 本馆介绍
  • 公告通知
  • 最新文献
  • 馆藏检索
  • 电子资源
  • 读者导购
  • 参考咨询
  • 我的图书馆
  • 登录
  • 详细信息显示
  • 放入我的书架
  • 预约/预借图书
  • 作者相关作品
  • 分类相关作品
  • 丛书相关作品
  • 出版社相关作品

书目信息

  • 表格格式
  • 工作单格式
  • 卡片格式
题名:
植物地理学
    
 
作者: ;北京大学 编
分册: 第一部分   植物学基础
出版信息: 北京   人民教育出版社  1980.09
页数: 234页
开本: 26cm
丛书名:
单 册:
中图分类: Q948.2
科图分类:
主题词: 植物生态学 , 植物地理学
电子资源:
ISBN:
000 00733nam0 2200241 45
001 0409071628
005 20040907163618.6
010    @dCNY1.15
091    @a12012.021
100    @a20040907d1980 km y0chiy0120 ea
101 0  @achi
105    @a z 000yy
200 1  @a植物地理学@AZhi Wu Di Li Xue@e附植物学基础@h第一部分@i植物学基础@EFu Zhi Wu Xue Ji Chu@f北京大学等编@FBei Jing Da Xue Deng Bian
210    @a北京@c人民教育出版社@d1980.09
215    @a234页@d26cm
517    @a附植物学基础@AFu Zhi Wu Xue Ji Chu
517    @a植物学基础@AZhi Wu Xue Ji Chu
606 0  @a植物生态学
606 0  @a植物地理学
690    @aQ948.2@v3
711 02 @a北京大学@4编
801    @aCN@bPftUser@c20040907
905    @f1@b158524@dQ948.2@e14:1
    
    植物地理学:附植物学基础.第一部分.植物学基础/北京大学等编.-北京:人民教育出版社,1980.09
    234页;26cm
    
    
    ISBN :CNY1.15
    
●
相关链接 在E读中查询图书 在五车中查询图书 在当当中查询图书 在豆瓣中查询图书


正题名:植物地理学     索取号:Q948.2/14:1         预约/预借

序号 登录号 条形码 馆藏地/架位号 状态 备注
1 0158524   001949002   第三借阅区/ [索取号:Q948.2/14:1] 在馆    
2 0158525   202449760   第二样本阅览室/ [索取号:Q948.2/14:1] 在馆    
唐山师范学院图书馆 欢迎您!
大连网信软件有限公司© 版权所有